[Event "OPEN A - XVII MIEDZYNARODOWY FESTIWAL SZ"]
[Site "Rewal"]
[Date "2012.??.??"]
[Round "2.6"]
[White "Klim, Kamil"]
[Black "Solnicki, Michal"]
[Result "1-0"]
[WhiteElo "2357"]
[BlackElo "2141"]
[PlyCount "51"]
[EventDate "2012.??.??"]

1. d4 d5 2. c4 c6 3. Nf3 Nf6 4. e3 a6 5. Bd3 e6 6. O-O dxc4 7. Bxc4 b5 8. Bb3
Bb7 9. Qe2 c5 10. Rd1 Nbd7 11. e4 Qb8 12. e5 Nd5 13. Nc3 N7b6 14. Ng5 Qc7 15.
Qh5 g6 16. Qh3 O-O-O 17. dxc5 Bxc5 18. Nce4 Bb4 19. a3 Ba5 20. Nd6+ Rxd6 21.
exd6 Qd7 22. Bxd5 Nxd5 23. b4 Bd8 24. Rxd5 exd5 25. Qc3+ Qc6 26. Qxh8 1-0

[Event "OPEN A - XVII MIEDZYNARODOWY FESTIWAL SZ"]
[Site "Rewal"]
[Date "2012.??.??"]
[Round "2.7"]
[White "Zakrzewski, Marek"]
[Black "Klekowski, Maciej"]
[Result "0-1"]
[WhiteElo "2121"]
[BlackElo "2314"]
[PlyCount "76"]
[EventDate "2012.??.??"]

1. e4 c5 2. Nf3 Nc6 3. d4 cxd4 4. Nxd4 Nf6 5. Nc3 e5 6. Ndb5 d6 7. Bg5 a6 8.
Na3 b5 9. Bxf6 gxf6 10. Nd5 Bg7 11. c3 f5 12. exf5 Bxf5 13. Nc2 O-O 14. Nce3
Be6 15. Bd3 f5 16. O-O Kh8 17. Qh5 e4 18. Bc2 Ne7 19. Rfd1 Be5 20. f4 exf3 21.
Qxf3 Nxd5 22. Nxd5 Qh4 23. h3 Rg8 24. Ne3 Raf8 25. Nf1 f4 26. Bb3 Bxh3 27. Rd2
Rg6 28. Bd5 Bg4 29. Qf2 Qh5 30. Be4 Rh6 31. Qa7 Qh1+ 32. Kf2 Qh4+ 33. Kg1 f3
34. gxf3 Qh1+ 35. Kf2 Rxf3+ 36. Bxf3 Qxf3+ 37. Ke1 Bg3+ 38. Nxg3 Re6+ 0-1

[Event "OPEN A - XVII MIEDZYNARODOWY FESTIWAL SZ"]
[Site "Rewal"]
[Date "2012.??.??"]
[Round "2.8"]
[White "Skawinski, Arkadiusz"]
[Black "Pietruszewski, Marcin"]
[Result "0-1"]
[WhiteElo "2311"]
[BlackElo "2121"]
[PlyCount "80"]
[EventDate "2012.??.??"]

1. e4 c5 2. c3 Nf6 3. e5 Nd5 4. d4 cxd4 5. Nf3 Nc6 6. Bc4 e6 7. cxd4 d6 8. Qe2
Be7 9. O-O O-O 10. Qe4 Bd7 11. a3 Na5 12. Ba2 Rc8 13. Qd3 Qb6 14. Re1 Bb5 15.
Qd1 Bc4 16. Bxc4 Nxc4 17. b3 Na5 18. b4 Nc4 19. Nbd2 a5 20. bxa5 Qxa5 21. Ne4
Rfd8 22. exd6 Nxd6 23. Bd2 Qa7 24. Nxd6 Rxd6 25. Qb3 Rb6 26. Qd3 Ra6 27. Rec1
Ra8 28. Qb3 b6 29. Ne5 Rxa3 30. Rxa3 Qxa3 31. Qxa3 Bxa3 32. Rb1 Bd6 33. Nc4 Bc7
34. g3 Kf8 35. Bc1 Ke8 36. Kf1 Kd7 37. Ke2 Ra4 38. Kd3 f6 39. Ne3 Ne7 40. Nc4
Nc6 0-1

[Event "OPEN A - XVII MIEDZYNARODOWY FESTIWAL SZ"]
[Site "Rewal"]
[Date "2012.??.??"]
[Round "2.9"]
[White "Dowgird, Filip"]
[Black "Lewtak, Damian"]
[Result "1/2-1/2"]
[WhiteElo "2121"]
[BlackElo "2269"]
[PlyCount "92"]
[EventDate "2012.??.??"]

1. Nf3 d5 2. g3 c5 3. d3 g6 4. Bg2 Bg7 5. O-O Nc6 6. Nbd2 Nf6 7. c3 O-O 8. e4
Bg4 9. h3 Bxf3 10. Qxf3 dxe4 11. dxe4 Qc7 12. Nc4 Nd7 13. Bf4 Nde5 14. Qe2 Rad8
15. Rfd1 e6 16. Be3 Nxc4 17. Qxc4 b6 18. Bg5 Rxd1+ 19. Rxd1 h6 20. Bf4 e5 21.
Be3 Rd8 22. Re1 Na5 23. Qa4 Qd7 24. Qxd7 Rxd7 25. Bf1 Bf8 26. Bb5 Rd8 27. b3
Kg7 28. Kf1 Be7 29. Ke2 Bg5 30. b4 cxb4 31. cxb4 Bxe3 32. fxe3 Nb7 33. Rc1 Nd6
34. Bd3 Rc8 35. Rxc8 Nxc8 36. h4 Nd6 37. Kf3 Kf6 38. Ke2 g5 39. Kf3 Kg6 40. Kg4
h5+ 41. Kf3 Nc8 42. Bc4 Nd6 43. Bd3 Ne8 44. Bc4 Nf6 45. Bd3 Nh7 46. Ba6 Nf8
1/2-1/2

[Event "OPEN A - XVII MIEDZYNARODOWY FESTIWAL SZ"]
[Site "Rewal"]
[Date "2012.??.??"]
[Round "2.10"]
[White "Budrewicz, Krzysztof"]
[Black "Jalowiec, Halina"]
[Result "1-0"]
[WhiteElo "2211"]
[BlackElo "2046"]
[PlyCount "73"]
[EventDate "2012.??.??"]

1. d4 Nf6 2. c4 d6 3. Nc3 Nbd7 4. Nf3 c6 5. g3 e5 6. Bg2 Be7 7. O-O O-O 8. e4
Re8 9. h3 Bf8 10. Re1 a5 11. b3 Rb8 12. Be3 b5 13. d5 cxd5 14. exd5 bxc4 15.
bxc4 Qc7 16. Bf1 Ba6 17. Rc1 Rec8 18. Nb5 Qd8 19. Na7 Nc5 20. Nxc8 Qxc8 21. Rb1
Rxb1 22. Qxb1 Nfd7 23. Nd2 g6 24. g4 Be7 25. Nb3 Nb7 26. Rc1 a4 27. Nd2 Nbc5
28. Ne4 Nxe4 29. Qxe4 Nc5 30. Qb1 Kg7 31. Qb6 f5 32. Bxc5 dxc5 33. d6 Bd8 34.
Qa7+ Kf6 35. gxf5 Qxf5 36. Bg2 Qf4 37. Rc3 1-0

[Event "OPEN A - XVII MIEDZYNARODOWY FESTIWAL SZ"]
[Site "Rewal"]
[Date "2012.??.??"]
[Round "2.11"]
[White "Kasperek, Joanna"]
[Black "Musialkiewicz, Jan"]
[Result "*"]
[WhiteElo "2018"]
[BlackElo "2231"]
[PlyCount "110"]
[EventDate "2012.??.??"]

1. e4 c5 2. Nf3 d6 3. Bb5+ Nd7 4. O-O a6 5. Bxd7+ Bxd7 6. d4 cxd4 7. Qxd4 Rc8
8. Nc3 e5 9. Qd3 h6 10. Be3 Nf6 11. a4 Be7 12. Rfd1 O-O 13. a5 Be6 14. h3 Qc7
15. Bb6 Qc6 16. Rac1 Qc4 17. Qxc4 Rxc4 18. Nd2 Rc6 19. Nf1 Rxc3 20. bxc3 Nxe4
21. Ng3 Nxc3 22. Rd3 Rc8 23. Be3 d5 24. Bd2 Nb5 25. f3 f5 26. Nxf5 Bxf5 27.
Rxd5 Rc5 28. Rxc5 Bxc5+ 29. Kh1 e4 30. fxe4 Bxe4 31. c3 Nd6 32. c4 Bc6 33. Kh2
Ba3 34. Rc3 Bb4 35. Rd3 Bxd2 36. Rxd2 Nxc4 37. Ra2 Kf7 38. Kg3 Ne3 39. Rf2+ Kg6
40. Re2 Nxg2 41. h4 Kh5 42. Re5+ g5 43. hxg5 hxg5 44. Rc5 Nf4 45. Re5 Nd3 46.
Re3 Nc5 47. Re5 Ne4+ 48. Kh2 Kg4 49. Kg1 Kf4 50. Re7 g4 51. Rf7+ Kg3 52. Rg7
Nd2 53. Re7 Nf3+ 54. Kh1 Ng5+ 55. Kg1 Bg2 *

[Event "OPEN A - XVII MIEDZYNARODOWY FESTIWAL SZ"]
[Site "Rewal"]
[Date "2012.??.??"]
[Round "2.12"]
[White "Banasik, Krzysztof"]
[Black "Warakomska, Anna"]
[Result "1/2-1/2"]
[WhiteElo "2269"]
[BlackElo "2136"]
[PlyCount "63"]
[EventDate "2012.??.??"]

1. e3 d5 2. f4 g6 3. Nf3 Bg7 4. Nc3 c6 5. Be2 Nf6 6. O-O Bg4 7. h3 Bxf3 8. Bxf3
Nbd7 9. d4 O-O 10. Kh1 e6 11. Qe1 c5 12. Ne2 Qc7 13. c3 b5 14. Bd2 Nb6 15. Rd1
Nc4 16. Bc1 Nd6 17. Ng3 cxd4 18. cxd4 a5 19. Bd2 b4 20. Rc1 Qb6 21. Qe2 Rac8
22. Qd3 Nc4 23. b3 Nd6 24. Rxc8 Rxc8 25. Rc1 Rxc1+ 26. Bxc1 Qc6 27. Bd2 Nfe4
28. Bxe4 dxe4 29. Qb1 f5 30. Qc1 Qxc1+ 31. Bxc1 Nb5 32. Nf1 1/2-1/2

[Event "OPEN A - XVII MIEDZYNARODOWY FESTIWAL SZ"]
[Site "Rewal"]
[Date "2012.??.??"]
[Round "2.13"]
[White "Karwowski, Kacper"]
[Black "Mitura, Vaclav"]
[Result "0-1"]
[WhiteElo "1864"]
[BlackElo "2169"]
[PlyCount "88"]
[EventDate "2012.??.??"]

1. e4 c6 2. d4 d5 3. exd5 cxd5 4. c4 Nf6 5. Nc3 Nc6 6. Bg5 Be6 7. Be2 Qa5 8. c5
Ne4 9. Bd2 Nxd2 10. Qxd2 g6 11. Bf3 Bg7 12. Nge2 Rd8 13. O-O b6 14. cxb6 Qxb6
15. Rfe1 Nxd4 16. Nxd4 Qxd4 17. Qxd4 Bxd4 18. Nb5 Bb6 19. Rac1 O-O 20. Nc7 Rd6
21. Red1 Rc8 22. Nxe6 Rxc1 23. Rxc1 fxe6 24. Kf1 e5 25. Rc6 Rd8 26. Bg4 e4 27.
Rc8 Rxc8 28. Bxc8 Kf7 29. Bb7 Ke6 30. f3 Ke5 31. fxe4 Kxe4 32. Ke2 Kd4 33. Ba6
e5 34. h4 e4 35. g4 h6 36. b4 Bd8 37. g5 hxg5 38. hxg5 Bxg5 39. Bb5 Be7 40. a3
Ke5 41. Be8 g5 42. Bd7 d4 43. Bb5 Kf4 44. Kd2 g4 0-1

[Event "OPEN A - XVII MIEDZYNARODOWY FESTIWAL SZ"]
[Site "Rewal"]
[Date "2012.??.??"]
[Round "2.14"]
[White "Palosz, Andrzej"]
[Black "Bes, Michal"]
[Result "1/2-1/2"]
[WhiteElo "2159"]
[BlackElo "1977"]
[PlyCount "128"]
[EventDate "2012.??.??"]

1. e4 e5 2. Nf3 Nf6 3. d3 d6 4. Be2 g6 5. Nbd2 Bg7 6. O-O O-O 7. c3 c5 8. Nc4
b5 9. Ne3 Nc6 10. a4 b4 11. Nd2 Be6 12. Bf3 Rb8 13. Ndc4 Qc7 14. Bd2 Rfd8 15.
Nd5 Bxd5 16. exd5 Ne7 17. Ne3 bxc3 18. bxc3 Rb2 19. g4 Nd7 20. Nc4 Rb7 21. a5
f5 22. h3 Nf6 23. Bg5 h6 24. Bxf6 Bxf6 25. Qc2 Rdb8 26. Rfb1 Nc8 27. Kh1 Kh8
28. Rg1 Qh7 29. Rab1 Qf7 30. a6 Rb5 31. Rxb5 Rxb5 32. Qa4 Rb8 33. Qc6 Qe7 34.
gxf5 gxf5 35. Ne3 Qd8 36. Nxf5 Ne7 37. Nxe7 Qxe7 38. Rg6 Rg8 39. Rxh6+ Kg7 40.
Rh5 Rh8 41. Rxh8 Kxh8 42. Be4 Kg7 43. Qb7 Kf8 44. Qb8+ Kg7 45. c4 Bh4 46. Qb7
Kf6 47. Qc8 Kg7 48. Qb7 Kf6 49. Qc8 Kg7 50. Qf5 Qg5 51. Qd7+ Qe7 52. Qg4+ Qg5
53. Qf3 Qc1+ 54. Kg2 Qg5+ 55. Kh2 Qf4+ 56. Qxf4 exf4 57. Kg2 Kf6 58. Kf3 Ke5
59. Bh7 Kf6 60. Kxf4 Bxf2 61. Kg4 Be1 62. h4 Bf2 63. h5 Be3 64. Kf3 Bc1 1/2-1/2

[Event "OPEN A - XVII MIEDZYNARODOWY FESTIWAL SZ"]
[Site "Rewal"]
[Date "2012.??.??"]
[Round "2.15"]
[White "Koitka, Jakub"]
[Black "Janus, Przemyslaw"]
[Result "0-1"]
[WhiteElo "1973"]
[BlackElo "2149"]
[PlyCount "102"]
[EventDate "2012.??.??"]

1. d4 d5 2. c4 dxc4 3. Nf3 Nf6 4. e3 e6 5. Bxc4 a6 6. a4 Be7 7. O-O O-O 8. Nc3
c5 9. e4 cxd4 10. Nxd4 e5 11. Nf3 Nc6 12. Be3 Bg4 13. Qxd8 Raxd8 14. Bb6 Rc8
15. Nd5 Nd7 16. Rac1 Bxf3 17. gxf3 Nxb6 18. Nxb6 Rcd8 19. Bxa6 Nd4 20. Bxb7 Rb8
21. Nd7 Rxb7 22. Nxf8 Ne2+ 23. Kg2 Nxc1 24. Rxc1 Bxf8 25. Rb1 Bb4 26. Kf1 f6
27. Ke2 Rd7 28. Rd1 Ra7 29. Ra1 Ba5 30. Kd3 Rb7 31. Kc2 Rb4 32. b3 Kf7 33. Rd1
Rb7 34. Rd5 Be1 35. Kb2 Ke6 36. Ka3 Bb4+ 37. Kb2 h5 38. h3 g5 39. Rd8 Ke7 40.
Rd5 Bd6 41. Kc3 Kd7 42. Kc4 Kc6 43. a5 Rb4+ 44. Kc3 Rb5 45. Kc4 Rc5+ 46. Rxc5+
Bxc5 47. b4 Bxf2 48. b5+ Kd6 49. a6 h4 50. Kb4 Ba7 51. Kc4 Bc5 0-1

[Event "OPEN A - XVII MIEDZYNARODOWY FESTIWAL SZ"]
[Site "Rewal"]
[Date "2012.??.??"]
[Round "2.16"]
[White "Miturova, Magdalena"]
[Black "Popiol, Michal"]
[Result "1/2-1/2"]
[WhiteElo "2139"]
[BlackElo "1870"]
[PlyCount "33"]
[EventDate "2012.??.??"]

1. e4 e6 2. d4 d5 3. Nd2 Be7 4. Bd3 c5 5. dxc5 Nf6 6. exd5 Qxd5 7. Ngf3 Nbd7 8.
Nb3 Nxc5 9. Nxc5 Bxc5 10. O-O O-O 11. Qe2 b6 12. c4 Qh5 13. Ne5 Qxe2 14. Bxe2
Bb7 15. Bf3 Bxf3 16. Nxf3 Rac8 17. Bf4 1/2-1/2

[Event "OPEN A - XVII MIEDZYNARODOWY FESTIWAL SZ"]
[Site "Rewal"]
[Date "2012.??.??"]
[Round "2.17"]
[White "Lewtak, Dominik"]
[Black "Weichhold, Pawel"]
[Result "0-1"]
[WhiteElo "1776"]
[BlackElo "2365"]
[PlyCount "74"]
[EventDate "2012.??.??"]

1. e4 c5 2. Nf3 d6 3. d4 cxd4 4. Nxd4 Nf6 5. Nc3 a6 6. Bg5 e6 7. f4 Be7 8. Qf3
Qc7 9. O-O-O Nbd7 10. g4 h6 11. Qh3 Rg8 12. Bxf6 Bxf6 13. g5 Bxd4 14. Rxd4 hxg5
15. f5 Nf6 16. fxe6 Bxe6 17. Qg3 Qc5 18. Rxd6 Nh5 19. Qd3 Ke7 20. Rd4 Nf4 21.
Qd2 Rgd8 22. Nd5+ Nxd5 23. exd5 Rxd5 24. Rxd5 Qxd5 25. Qb4+ Ke8 26. Rg1 Qe5 27.
Rg3 Rd8 28. Bd3 g6 29. b3 Qf4+ 30. Qd2 Qxd2+ 31. Kxd2 g4 32. Kc3 f5 33. Re3 Kf7
34. Bc4 Bxc4 35. bxc4 Kf6 36. Kb4 f4 37. Re1 Rd2 0-1

[Event "OPEN A - XVII MIEDZYNARODOWY FESTIWAL SZ"]
[Site "Rewal"]
[Date "2012.??.??"]
[Round "2.18"]
[White "Orzech, Dominik"]
[Black "Starczewska, Dominika"]
[Result "1-0"]
[WhiteElo "2407"]
[BlackElo "1971"]
[PlyCount "67"]
[EventDate "2012.??.??"]

1. Nf3 c5 2. g3 g6 3. Bg2 Bg7 4. O-O e6 5. d4 cxd4 6. Nxd4 Ne7 7. c4 a6 8. Nc3
O-O 9. Bg5 h6 10. Be3 Nbc6 11. Qd2 Kh7 12. Rfd1 Ne5 13. c5 Nc4 14. Qc1 e5 15.
Nc2 f5 16. b3 Nxe3 17. Nxe3 e4 18. Nc4 Qc7 19. Nb6 Rb8 20. Qe3 f4 21. gxf4 Nf5
22. Qxe4 Bxc3 23. Nd5 Qa5 24. b4 Qa3 25. Rab1 Bg7 26. Qc2 Nd4 27. Rxd4 Bxd4 28.
Rb3 Qa4 29. Nb6 Qxb3 30. Qxb3 Bg7 31. e3 Rd8 32. Qf7 Rf8 33. Qe7 Kg8 34. Qd6
1-0

[Event "OPEN A - XVII MIEDZYNARODOWY FESTIWAL SZ"]
[Site "Rewal"]
[Date "2012.??.??"]
[Round "2.19"]
[White "Kasparova, Tatiana"]
[Black "Swiderski, Radoslaw"]
[Result "1-0"]
[WhiteElo "2109"]
[BlackElo "1934"]
[PlyCount "63"]
[EventDate "2012.??.??"]

1. e4 c5 2. Nf3 d6 3. d4 cxd4 4. Nxd4 Nf6 5. f3 e5 6. Nb3 Be6 7. c4 Nbd7 8. Be3
a6 9. Nc3 Rc8 10. Nd5 Bxd5 11. cxd5 Be7 12. Be2 O-O 13. O-O Nh5 14. Qd2 h6 15.
Rfc1 Rxc1+ 16. Rxc1 Bg5 17. Bxg5 hxg5 18. Qb4 Nf4 19. Bf1 Qb8 20. Qd2 f6 21. g3
Ng6 22. Bh3 Qa7+ 23. Qf2 Qxf2+ 24. Kxf2 Nb6 25. Na5 Na4 26. b4 b6 27. Nb7 Nb2
28. Ke2 b5 29. Nxd6 Rd8 30. Nb7 Rb8 31. Rc7 Na4 32. d6 1-0

[Event "OPEN A - XVII MIEDZYNARODOWY FESTIWAL SZ"]
[Site "Rewal"]
[Date "2012.??.??"]
[Round "2.20"]
[White "Adamowicz, Maciej"]
[Black "Siedlinski, Piotr"]
[Result "1-0"]
[WhiteElo "1969"]
[BlackElo "2092"]
[PlyCount "80"]
[EventDate "2012.??.??"]

1. c4 e6 2. Nf3 d5 3. g3 Nf6 4. Bg2 Be7 5. O-O O-O 6. b3 c5 7. cxd5 exd5 8. d4
Ne4 9. Bb2 Bf6 10. Nbd2 Nc6 11. Ne5 Nxd4 12. e3 Nxd2 13. Qxd2 Bxe5 14. exd4
Bxd4 15. Bxd4 cxd4 16. Qxd4 Be6 17. Rfd1 Qd6 18. Rd2 Rfd8 19. Rad1 Rd7 20. Bxd5
Rad8 21. Qxa7 Qb4 22. a3 Qc3 23. Rd3 Qe5 24. Bxe6 Rxd3 25. Rxd3 Qe1+ 26. Kg2
Qe4+ 27. Rf3 fxe6 28. Qe3 Qd5 29. Qf4 h6 30. Qc4 Qxc4 31. bxc4 Rc8 32. Rc3 Rc5
33. Kf3 Kf7 34. Ke3 b6 35. Kd3 Ra5 36. Rb3 Kf6 37. Kd4 Ra4 38. Rxb6 Rxa3 39.
Rb2 Ke7 40. Rc2 Ra1 1-0

[Event "OPEN A - XVII MIEDZYNARODOWY FESTIWAL SZ"]
[Site "Rewal"]
[Date "2012.??.??"]
[Round "2.21"]
[White "Zochowski, Kacper"]
[Black "Smal, Tobiasz"]
[Result "1-0"]
[WhiteElo "2073"]
[BlackElo "1843"]
[PlyCount "91"]
[EventDate "2012.??.??"]

1. e4 c5 2. Nf3 d6 3. d4 cxd4 4. Nxd4 Nf6 5. Nc3 a6 6. f4 e5 7. Nf3 Nbd7 8. Bd3
b5 9. a3 Bb7 10. O-O Be7 11. Kh1 Qc7 12. Qe1 O-O 13. fxe5 dxe5 14. Bg5 Rfe8 15.
Nh4 b4 16. axb4 Bxb4 17. Nf5 Bf8 18. Nh6+ gxh6 19. Bxf6 Nxf6 20. Rxf6 Bg7 21.
Rf3 Bf8 22. Qh4 Qe7 23. Qh5 Bg7 24. Raf1 f6 25. Bc4+ Kh8 26. Bd5 Rf8 27. h3
Rac8 28. Qh4 a5 29. Bxb7 Qxb7 30. b3 Qa6 31. R1f2 Rc6 32. Nd5 Rd6 33. Rf1 Qe2
34. R3f2 Qa6 35. Kh2 Rf7 36. c4 Qb7 37. Qg3 Ra6 38. Ra2 Qa8 39. Qe3 Rfa7 40.
Ra4 Qb8 41. Rfa1 Rb7 42. b4 Bf8 43. b5 Re6 44. Rxa5 Qd6 45. Ra8 f5 46. c5 1-0

[Event "OPEN A - XVII MIEDZYNARODOWY FESTIWAL SZ"]
[Site "Rewal"]
[Date "2012.??.??"]
[Round "2.22"]
[White "Czajkowski, Adam"]
[Black "Paszewski, Mateusz"]
[Result "0-1"]
[WhiteElo "1911"]
[BlackElo "2066"]
[PlyCount "118"]
[EventDate "2012.??.??"]

1. e4 g6 2. d4 Bg7 3. Nc3 c5 4. Be3 Qa5 5. Qd2 cxd4 6. Bxd4 Bxd4 7. Qxd4 Nf6 8.
Bc4 Nc6 9. Qd2 Qb4 10. Bd5 Nxd5 11. exd5 Ne5 12. f4 Ng4 13. O-O-O d6 14. Nf3
O-O 15. h3 Nf6 16. g4 Bd7 17. Rhe1 Rfe8 18. Ne4 Qxd2+ 19. Rxd2 Nxe4 20. Rxe4 f5
21. gxf5 Bxf5 22. Rb4 b6 23. h4 Rac8 24. Nd4 Bd7 25. Ne2 Rc5 26. Re4 Kf7 27.
Kd1 Rec8 28. c3 Bg4 29. Ke1 Rc4 30. Rxc4 Rxc4 31. Nd4 Bd7 32. Ke2 Rc5 33. Nb3
Bb5+ 34. Ke3 Rc8 35. Nc1 Ba6 36. Rd4 Bb7 37. Nd3 Kf6 38. Kf2 Kf5 39. Kg3 Ba6
40. Nb4 Bb5 41. Nc2 Kf6 42. Ne3 Bd7 43. Kf3 h6 44. Re4 Rc5 45. a3 Bc8 46. Kg3
Kf7 47. Ra4 a6 48. Re4 Bb7 49. c4 b5 50. b3 bxc4 51. bxc4 Bc8 52. h5 gxh5 53.
Kh4 Ra5 54. Kxh5 Rxa3 55. Kxh6 Ra1 56. Nc2 Rg1 57. Re2 Kf6 58. Rh2 Bf5 59. Nd4
Rg8 0-1

[Event "OPEN A - XVII MIEDZYNARODOWY FESTIWAL SZ"]
[Site "Rewal"]
[Date "2012.??.??"]
[Round "2.23"]
[White "Golek, Jagoda"]
[Black "Gabrys, Sebastian"]
[Result "1/2-1/2"]
[WhiteElo "2061"]
[BlackElo "1790"]
[PlyCount "84"]
[EventDate "2012.??.??"]

1. e4 c5 2. Nf3 e6 3. d4 cxd4 4. Nxd4 Nf6 5. Nc3 Nc6 6. Nxc6 bxc6 7. e5 Nd5 8.
Ne4 Qc7 9. f4 Be7 10. c4 Nb6 11. Be2 O-O 12. Be3 Bb7 13. Qd3 Rad8 14. Nd6 f5
15. O-O Ba8 16. b4 Nc8 17. Bc5 Qb8 18. Rfd1 Nb6 19. Be3 Nc8 20. Nxc8 Qxc8 21.
Bxa7 c5 22. Bxc5 Bxc5+ 23. bxc5 Qxc5+ 24. Qd4 Qc7 25. Rab1 Be4 26. Rb2 Qc6 27.
Bd3 d5 28. c5 Rc8 29. Rc1 Rb8 30. Bxe4 fxe4 31. g3 Rb5 32. Rxb5 Qxb5 33. c6 Rc8
34. Qc3 Qe2 35. Rc2 Qd1+ 36. Kg2 d4 37. Qb3 Kf7 38. f5 Rxc6 39. fxe6+ Kg6 40.
Rxc6 Qe2+ 41. Kg1 Qe1+ 42. Kg2 Qe2+ 1/2-1/2

[Event "OPEN A - XVII MIEDZYNARODOWY FESTIWAL SZ"]
[Site "Rewal"]
[Date "2012.??.??"]
[Round "2.24"]
[White "Malinowski, Damian"]
[Black "Poswiatowski, Michal"]
[Result "0-1"]
[WhiteElo "1827"]
[BlackElo "2008"]
[PlyCount "65"]
[EventDate "2012.??.??"]

1. c4 Nf6 2. g3 e5 3. Bg2 Nc6 4. Nc3 Bb4 5. Nd5 O-O 6. Nxb4 Nxb4 7. d3 d5 8. a3
Nc6 9. cxd5 Nxd5 10. Nf3 Be6 11. d4 e4 12. Ng5 e3 13. f4 Qf6 14. Nxe6 fxe6 15.
O-O Qxd4 16. Bxd5 exd5 17. Qxd4 Nxd4 18. Bxe3 Nc2 19. Bc5 Nxa1 20. Bxf8 Nb3 21.
Bb4 c5 22. Be1 Re8 23. Rf2 Kf7 24. Kf1 d4 25. Rg2 Re4 26. Rf2 Ke6 27. f5+ Kf6
28. Rf3 c4 29. h3 h5 30. Rf2 a5 31. Rf3 b6 32. Rf2 Ke5 33. Rf3 0-1

[Event "OPEN A - XVII MIEDZYNARODOWY FESTIWAL SZ"]
[Site "Rewal"]
[Date "2012.??.??"]
[Round "2.25"]
[White "Kamieniecki, Tomasz"]
[Black "Cyboran, Katarzyna"]
[Result "1-0"]
[WhiteElo "1992"]
[BlackElo "1773"]
[PlyCount "35"]
[EventDate "2012.??.??"]

1. d4 e6 2. c4 f5 3. Nf3 Nf6 4. Bf4 d5 5. e3 c6 6. Bd3 Be7 7. Nc3 O-O 8. Qc2
Ne4 9. g4 Na6 10. a3 g5 11. Be5 Nxc3 12. bxc3 dxc4 13. Bxc4 b5 14. Bd3 c5 15.
gxf5 exf5 16. Bxb5 Qd5 17. Rg1 g4 18. Nd2 1-0

[Event "OPEN A - XVII MIEDZYNARODOWY FESTIWAL SZ"]
[Site "Rewal"]
[Date "2012.??.??"]
[Round "2.26"]
[White "Gorol, Jacek"]
[Black "Andrzejewska, Anna"]
[Result "0-1"]
[WhiteElo "1757"]
[BlackElo "1990"]
[PlyCount "64"]
[EventDate "2012.??.??"]

1. c4 e6 2. Nc3 d5 3. cxd5 exd5 4. d4 Nf6 5. Bg5 Be7 6. Nf3 c6 7. e3 Bf5 8. Bd3
Bxd3 9. Qxd3 Nbd7 10. O-O O-O 11. Rac1 Ne4 12. Bf4 Ndf6 13. h3 Re8 14. Bh2 Bd6
15. Ne5 Qe7 16. f3 Nxc3 17. bxc3 Nd7 18. Nxd7 Qxd7 19. e4 Bxh2+ 20. Kxh2 dxe4
21. fxe4 Qe6 22. e5 Qxa2 23. c4 Qa5 24. Rxf7 Kxf7 25. Qxh7 Rg8 26. Rf1+ Ke7 27.
Qg6 Kd8 28. Qd6+ Kc8 29. Qe6+ Kc7 30. c5 Rad8 31. Rf7+ Kb8 32. Qe7 Qb4 0-1

[Event "OPEN A - XVII MIEDZYNARODOWY FESTIWAL SZ"]
[Site "Rewal"]
[Date "2012.??.??"]
[Round "2.27"]
[White "Puczylowski, Marcin"]
[Black "Grabarczyk, Sylwester Piotr"]
[Result "1-0"]
[WhiteElo "1984"]
[BlackElo "1743"]
[PlyCount "77"]
[EventDate "2012.??.??"]

1. a3 e5 2. c4 Nf6 3. d3 d5 4. cxd5 Nxd5 5. Nf3 Nc6 6. e3 Be7 7. Be2 O-O 8. O-O
a5 9. Nbd2 Be6 10. Qc2 f5 11. b3 Bf6 12. Bb2 Qe7 13. Rac1 g5 14. Nc4 Qg7 15. d4
exd4 16. Nxd4 Nxd4 17. Bxd4 Bxd4 18. exd4 Qxd4 19. Rfd1 Qf6 20. Bf3 c6 21. Bxd5
Bxd5 22. Nb6 Rad8 23. Nxd5 Rxd5 24. Rxd5 cxd5 25. Qd2 d4 26. Qxa5 Rd8 27. Rd1
d3 28. h3 b6 29. Qb4 Kg7 30. a4 Kg6 31. g3 Rd4 32. Qe1 Qd6 33. Rd2 g4 34. hxg4
Rxg4 35. Qe8+ Kg7 36. Qe3 Re4 37. Qxd3 Re1+ 38. Kg2 Qc6+ 39. Qd5 1-0

[Event "OPEN A - XVII MIEDZYNARODOWY FESTIWAL SZ"]
[Site "Rewal"]
[Date "2012.??.??"]
[Round "3.1"]
[White "Klekowski, Maciej"]
[Black "Malaniuk, Vladimir P"]
[Result "1/2-1/2"]
[WhiteElo "2314"]
[BlackElo "2523"]
[PlyCount "139"]
[EventDate "2012.??.??"]

1. c4 e5 2. g3 Nc6 3. Bg2 d6 4. Nc3 g6 5. e3 Bg7 6. Rb1 Nf6 7. b4 O-O 8. Nge2
Re8 9. d3 a6 10. O-O Rb8 11. Ba3 Ne7 12. b5 axb5 13. Nxb5 b6 14. Qa4 Bb7 15.
Bxb7 Rxb7 16. d4 exd4 17. Nexd4 Qd7 18. Qc2 Rbb8 19. Rbd1 Ra8 20. Qb3 Ne4 21.
Nf3 Nc6 22. Kg2 Na5 23. Qd3 Qc6 24. Rc1 Nc5 25. Qd5 Qd7 26. Rfd1 Red8 27. Bxc5
bxc5 28. Qe4 Nc6 29. Rd2 Ra4 30. Nc3 Re8 31. Qh4 Ra7 32. Nd5 Qf5 33. h3 h6 34.
Qg4 Qxg4 35. hxg4 g5 36. Rb1 Na5 37. Rc1 Rb7 38. Rd3 c6 39. Ra3 Nxc4 40. Rxc4
cxd5 41. Rc2 Re4 42. Nd2 Reb4 43. Ra8+ Rb8 44. Ra6 R8b6 45. Ra8+ Rb8 46. Ra6
R4b6 47. Ra7 Rb2 48. Rxb2 Rxb2 49. Nf3 c4 50. Ra8+ Kh7 51. Ra6 Be5 52. Ra5 c3
53. Nxe5 dxe5 54. Rxd5 c2 55. Rc5 Rxa2 56. Kf3 f6 57. Rc7+ Kg6 58. e4 Rb2 59.
Kg2 h5 60. gxh5+ Kxh5 61. Kf3 g4+ 62. Ke3 Kg6 63. Rc6 Ra2 64. Rc7 f5 65. exf5+
Kxf5 66. Rc6 Rb2 67. Rc8 Ke6 68. Rc5 Kd6 69. Rc8 Kd5 70. Rc7 1/2-1/2

[Event "OPEN A - XVII MIEDZYNARODOWY FESTIWAL SZ"]
[Site "Rewal"]
[Date "2012.??.??"]
[Round "3.2"]
[White "Budrewicz, Krzysztof"]
[Black "Kasparov, Sergey"]
[Result "0-1"]
[WhiteElo "2211"]
[BlackElo "2490"]
[PlyCount "74"]
[EventDate "2012.??.??"]

1. d4 d5 2. c4 c6 3. Nc3 Nf6 4. Nf3 a6 5. e3 b5 6. b3 Bf5 7. Ne5 h6 8. g4 Bh7
9. h4 e6 10. Bd3 Bxd3 11. Qxd3 Bd6 12. Qe2 Nbd7 13. Nxd7 Qxd7 14. Bd2 e5 15. c5
Bc7 16. f3 e4 17. Rg1 exf3 18. Qxf3 O-O-O 19. O-O-O Qe6 20. Rdf1 Rd7 21. g5
hxg5 22. Rxg5 Rxh4 23. Rxg7 Rg4 24. Rxg4 Nxg4 25. Qf5 Qxf5 26. Rxf5 Re7 27. Nd1
Kd7 28. Kc2 Ke6 29. Rh5 Re8 30. Kd3 Rg8 31. Be1 Nf6 32. Rh1 Rg2 33. Bf2 Ne4 34.
Rf1 Bg3 35. Ke2 Rh2 36. Ke1 Nxf2 37. Nxf2 b4 0-1

[Event "OPEN A - XVII MIEDZYNARODOWY FESTIWAL SZ"]
[Site "Rewal"]
[Date "2012.??.??"]
[Round "3.3"]
[White "Pietruszewski, Marcin"]
[Black "Klim, Kamil"]
[Result "0-1"]
[WhiteElo "2121"]
[BlackElo "2357"]
[PlyCount "62"]
[EventDate "2012.??.??"]

1. e4 c5 2. Nf3 Nc6 3. d4 cxd4 4. Nxd4 Nf6 5. Nc3 d6 6. Bg5 Bd7 7. Qd2 Rc8 8.
Nxc6 Bxc6 9. f3 e6 10. Nb5 a6 11. Nd4 Be7 12. h4 h6 13. Be3 d5 14. e5 Nd7 15.
f4 Bxh4+ 16. Bf2 Bxf2+ 17. Qxf2 Qa5+ 18. Qd2 Qxd2+ 19. Kxd2 Ke7 20. Bd3 g5 21.
g3 h5 22. Rae1 Rcg8 23. f5 g4 24. Bxa6 Ra8 25. Bd3 Ra4 26. c3 Rxa2 27. Kc2 Nc5
28. fxe6 Ba4+ 29. Kb1 Ra8 30. Bh7 Ra1+ 31. Kxa1 Bc2# 0-1

[Event "OPEN A - XVII MIEDZYNARODOWY FESTIWAL SZ"]
[Site "Rewal"]
[Date "2012.??.??"]
[Round "3.4"]
[White "Warakomski, Tomasz"]
[Black "Klepaczka, Tomasz"]
[Result "1-0"]
[WhiteElo "2491"]
[BlackElo "2199"]
[PlyCount "57"]
[EventDate "2012.??.??"]

1. e4 c5 2. Nf3 e6 3. d4 cxd4 4. Nxd4 a6 5. Bd3 Bc5 6. Nb3 Be7 7. Qg4 g6 8. Be2
d6 9. Na3 Nd7 10. Nc4 Qc7 11. O-O b6 12. a4 Bb7 13. a5 b5 14. Nb6 Nxb6 15. axb6
Qxb6 16. Be3 Qc7 17. Na5 Bc8 18. c4 b4 19. e5 Bd7 20. exd6 Bxd6 21. Bd4 f6 22.
Qe4 Rc8 23. c5 Bxh2+ 24. Kh1 e5 25. Bxa6 Rd8 26. Kxh2 Ne7 27. Be3 f5 28. Qb7
Qxb7 29. Nxb7 1-0

[Event "OPEN A - XVII MIEDZYNARODOWY FESTIWAL SZ"]
[Site "Rewal"]
[Date "2012.??.??"]
[Round "3.5"]
[White "Sieciechowicz, Marcin"]
[Black "Musialkiewicz, Pawel"]
[Result "1-0"]
[WhiteElo "2441"]
[BlackElo "2145"]
[PlyCount "65"]
[EventDate "2012.??.??"]

1. d4 d5 2. c4 c6 3. Nf3 Nf6 4. Nc3 e6 5. Bg5 dxc4 6. e4 b5 7. e5 h6 8. Bh4 g5
9. Nxg5 hxg5 10. Bxg5 Be7 11. exf6 Bxf6 12. Bxf6 Qxf6 13. g3 Na6 14. Bg2 Bb7
15. Ne4 Qe7 16. O-O O-O-O 17. a4 f5 18. Nc3 Kb8 19. Qe2 b4 20. Qxc4 bxc3 21.
bxc3 Ka8 22. Rab1 Nb8 23. a5 a6 24. Rb6 Rd7 25. Rfb1 Rc8 26. Qe2 Re8 27. Bxc6
Bxc6 28. Rxb8+ Ka7 29. R8b6 Rb7 30. c4 e5 31. d5 Qc5 32. Qb2 Ree7 33. Rxc6 1-0